[Event "Trebic Highlands op 11th"]
[Site "Trebic"]
[Date "2017.09.28"]
[Round "7"]
[White "Heppell, Ian"]
[Black "Lampir, Tomas"]
[Result "1/2-1/2"]
[WhiteElo "2034"]
[BlackElo "2077"]
[PlyCount "26"]
[EventDate "2017.09.23"]
[EventType "swiss"]
[EventRounds "9"]
[EventCountry "CZE"]
[SourceTitle "EXT 2018"]
[Source "ChessBase"]
[SourceDate "2017.10.13"]
[SourceVersion "1"]
[SourceVersionDate "2017.10.13"]
[SourceQuality "1"]

1. e4 e5 2. Nf3 Nc6 3. d4 exd4 4. c3 dxc3 5. Bc4 Nf6 6. Nxc3 Bb4 7. e5 d5 8. exf6 dxc4 9. Qxd8+ Nxd8 10. fxg7 Rg8 11. Bh6 Ne6 12. 0-0-0 Bxc3 13. bxc3 Nxg7 1/2-1/2

[Event "Prague op-A 14th"]
[Site "Prague"]
[Date "2015.01.14"]
[Round "7"]
[White "Smid, Miroslav"]
[Black "Lampir, Tomas"]
[Result "1-0"]
[WhiteElo "2235"]
[BlackElo "2080"]
[PlyCount "61"]
[EventDate "2015.01.09"]
[EventType "swiss"]
[EventRounds "9"]
[EventCountry "CZE"]
[SourceTitle "CBM 164 Extra"]
[Source "ChessBase"]
[SourceDate "2015.03.02"]
[SourceVersion "1"]
[SourceVersionDate "2015.03.02"]
[SourceQuality "1"]

1. e4 Nf6 2. e5 Nd5 3. c4 Nb6 4. d4 d6 5. exd6 cxd6 6. Nc3 g6 7. Be3 Bg7 8. Rc1 0-0 9. b3 e5 10. dxe5 dxe5 11. Qxd8 Rxd8 12. c5 N6d7 13. Bc4 Nc6 14. Nf3 Na5 15. Be2 Nc6 16. Nb5 Nd4 17. Nfxd4 exd4 18. Bg5 Nf6 19. Nd6 h6 20. Bh4 g5 21. Bg3 Ne8 22. Nxc8 Raxc8 23. Bg4 d3 24. Kd2 Rc6 25. Rhe1 Nf6 26. Bf3 Nd5 27. Bd6 Bb2 28. Bxd5 Bxc1+ 29. Rxc1 Ra6 30. a4 b5 31. Bb7 1-0

[Event "CZE-chT2C 1415"]
[Site "Czech Republic"]
[Date "2014.11.16"]
[Round "2.7"]
[White "Lacina, Filip1111"]
[Black "Lampir, Tomas"]
[Result "1-0"]
[WhiteElo "2045"]
[BlackElo "2080"]
[PlyCount "101"]
[EventDate "2014.11.02"]
[EventType "team-tourn"]
[EventRounds "11"]
[EventCountry "CZE"]
[SourceTitle "EXT 2022"]
[Source "ChessBase"]
[SourceDate "2021.10.06"]
[SourceVersion "1"]
[SourceVersionDate "2021.10.06"]
[SourceQuality "1"]
[WhiteTeam "Vysehrad II"]
[BlackTeam "Praha Bohemians II"]
[WhiteTeamCountry "CZE"]
[BlackTeamCountry "CZE"]

1. e4 Nf6 2. e5 Nd5 3. c4 Nb6 4. d4 d6 5. exd6 exd6 6. Nf3 Be7 7. Be2 0-0 8. 0-0 Nc6 9. Nc3 Bg4 10. b3 a5 11. a4 Re8 12. Be3 Bf6 13. Rc1 Nb4 14. h3 Bh5 15. Qd2 Nd7 16. Rfd1 c6 17. Bf4 Nf8 18. g4 Bg6 19. g5 Be7 20. d5 Qd7 21. Kh2 Rad8 22. Nh4 Bf5 23. Nxf5 Qxf5 24. Bg4 Qg6 25. h4 f6 26. Rg1 fxg5 27. Be2 Qf5 28. hxg5 Ng6 29. Be3 Ne5 30. f4 Ng6 31. Bg4 Qd3 32. Qf2 Bf6 33. gxf6 Qxe3 34. f7+ Kxf7 35. Be6+ Rxe6 36. dxe6+ Qxe6 37. Rce1 Qf5 38. Rg5 Qxf4+ 39. Qxf4+ Nxf4 40. Rf5+ Kg8 41. Re7 Rf8 42. Rxf8+ Kxf8 43. Rxb7 d5 44. cxd5 cxd5 45. Ra7 d4 46. Ne4 Nfd5 47. Rxa5 Nc3 48. Nxc3 dxc3 49. Rc5 c2 50. a5 Kf7 51. Rxc2 1-0

[Event "CZE-chT2d 0607"]
[Site "Czech Republic"]
[Date "2007.04.15"]
[Round "11.7"]
[White "Vachtfeidl, Petr"]
[Black "Lampir, Tomas"]
[Result "1/2-1/2"]
[WhiteElo "2023"]
[BlackElo "2029"]
[PlyCount "47"]
[EventDate "2006.10.15"]
[EventType "team"]
[EventRounds "11"]
[EventCountry "CZE"]
[SourceTitle "EXT 2009"]
[Source "ChessBase"]
[SourceDate "2008.11.26"]
[SourceVersion "1"]
[SourceVersionDate "2008.11.26"]
[SourceQuality "1"]

1. e4 e6 2. d4 d5 3. Nc3 dxe4 4. Nxe4 Bd7 5. Nf3 Bc6 6. Bd3 Nd7 7. 0-0 Ngf6 8. Qe2 Bxe4 9. Bxe4 Nxe4 10. Qxe4 c6 11. c4 Be7 12. b3 0-0 13. Bb2 Nf6 14. Qe2 Qc7 15. Rad1 Rad8 16. Ne5 Bd6 17. f4 c5 18. dxc5 Bxc5+ 19. Kh1 Rxd1 20. Rxd1 Rd8 21. Rxd8+ Qxd8 22. Qd3 Qxd3 23. Nxd3 Be7 24. g3 1/2-1/2

[Event "CZE-chT2d 0607"]
[Site "Czech Republic"]
[Date "2007.02.11"]
[Round "7"]
[White "Lampir, Tomas"]
[Black "Fajstl, Frantisek"]
[Result "0-1"]
[WhiteElo "2026"]
[BlackElo "2119"]
[PlyCount "42"]
[EventDate "2006.10.15"]
[EventType "team"]
[EventRounds "11"]
[EventCountry "CZE"]
[SourceTitle "EXT 2009"]
[Source "ChessBase"]
[SourceDate "2008.11.26"]
[SourceVersion "1"]
[SourceVersionDate "2008.11.26"]
[SourceQuality "1"]

1. e4 c5 2. c3 d5 3. exd5 Qxd5 4. Nf3 Nf6 5. d4 e6 6. Bd3 Nc6 7. 0-0 Be7 8. Re1 0-0 9. dxc5 Bxc5 10. Bg5 Ng4 11. Bh4 Qh5 12. b4 Bb6 13. b5 Nce5 14. Nxe5 Qxh4 15. Nxg4 e5 16. Ne3 f5 17. g3 Qh6 18. Nd5 Bxf2+ 19. Kxf2 Qxh2+ 20. Kf1 f4 21. Rxe5 fxg3+ 0-1

[Event "Prague op-B 06th"]
[Site "Prague"]
[Date "2007.01.18"]
[Round "9"]
[White "Lampir, Tomas"]
[Black "Lacina, Filip"]
[Result "1/2-1/2"]
[WhiteElo "2026"]
[BlackElo "1984"]
[PlyCount "113"]
[EventDate "2007.01.11"]
[EventType "swiss"]
[EventRounds "9"]
[EventCountry "CZE"]
[SourceTitle "CBM 116 Extra"]
[Source "ChessBase"]
[SourceDate "2007.03.07"]
[SourceVersion "1"]
[SourceVersionDate "2007.03.07"]
[SourceQuality "1"]

1. e4 c5 2. c3 Nf6 3. e5 Nd5 4. d4 cxd4 5. cxd4 e6 6. Nf3 Be7 7. Nc3 Nxc3 8. bxc3 Qc7 9. Qb3 d5 10. exd6 Bxd6 11. Ba3 0-0 12. Bxd6 Qxd6 13. Be2 b6 14. 0-0 Nc6 15. Rfe1 Bb7 16. a4 Na5 17. Qa3 Qxa3 18. Rxa3 Rac8 19. Ne5 f6 20. Nf3 Kf7 21. Nd2 Rfd8 22. Bg4 Bd5 23. h3 Rc7 24. Be2 Bb7 25. Bh5+ g6 26. Bf3 Bxf3 27. Nxf3 Rdc8 28. Rc1 Nc4 29. Rb3 Ke7 30. Kf1 Nd6 31. Nd2 Nf5 32. Nf3 g5 33. a5 bxa5 34. Ra3 h5 35. g4 hxg4 36. hxg4 Nh6 37. Nh2 Rc4 38. Rxa5 Rxd4 39. Rxa7+ Rd7 40. Rxd7+ Kxd7 41. Kg2 Kc6 42. Ra1 Kb6 43. Rb1+ Kc5 44. Rb7 e5 45. Rh7 Ng8 46. Nf1 Kd6 47. Rg7 Ne7 48. Ne3 Rxc3 49. Rf7 e4 50. Rxf6+ Ke5 51. Rf7 Rc7 52. Nf5 Nd5 53. Rxc7 Nxc7 54. f3 Kf4 55. fxe4 Kxg4 56. Nh6+ Kf4 57. Nf7 1/2-1/2

[Event "Prague op-B 06th"]
[Site "Prague"]
[Date "2007.01.16"]
[Round "7"]
[White "Lampir, Tomas"]
[Black "Ziabari, Morteza"]
[Result "1-0"]
[WhiteElo "2026"]
[BlackElo "1955"]
[PlyCount "57"]
[EventDate "2007.01.11"]
[EventType "swiss"]
[EventRounds "9"]
[EventCountry "CZE"]
[SourceTitle "CBM 116 Extra"]
[Source "ChessBase"]
[SourceDate "2007.03.07"]
[SourceVersion "1"]
[SourceVersionDate "2007.03.07"]
[SourceQuality "1"]

1. e4 d6 2. d4 Nf6 3. Nc3 c6 4. Nf3 Bg4 5. Be2 Qc7 6. h3 Bh5 7. e5 dxe5 8. dxe5 Bxf3 9. Bxf3 Qxe5+ 10. Be3 e6 11. 0-0 Bc5 12. Bd2 Na6 13. Na4 Rd8 14. Nxc5 Nxc5 15. Qc1 Qc7 16. Bc3 Qe7 17. Qg5 Rg8 18. Bxf6 Qxf6 19. Qxc5 Qd4 20. Qa5 Ke7 21. Qa3+ Kf6 22. Rad1 Qc4 23. Qxa7 Qxc2 24. Qxb7 Rb8 25. Qxc6 Qxb2 26. Qc4 Rb4 27. Qc5 Ra4 28. Rd7 Rxa2 29. Qe7+ 1-0

[Event "Prague op-B 06th"]
[Site "Prague"]
[Date "2007.01.15"]
[Round "6"]
[White "Zlamal, Frantisek"]
[Black "Lampir, Tomas"]
[Result "0-1"]
[WhiteElo "1890"]
[BlackElo "2026"]
[PlyCount "82"]
[EventDate "2007.01.11"]
[EventType "swiss"]
[EventRounds "9"]
[EventCountry "CZE"]
[SourceTitle "CBM 116 Extra"]
[Source "ChessBase"]
[SourceDate "2007.03.07"]
[SourceVersion "1"]
[SourceVersionDate "2007.03.07"]
[SourceQuality "1"]

1. c4 e6 2. Nc3 f5 3. e3 Nf6 4. Nf3 d5 5. d4 c6 6. a4 Bd6 7. Be2 0-0 8. 0-0 Nbd7 9. b3 Ne4 10. Qc2 Rf6 11. g3 Rh6 12. Rd1 g5 13. Nxe4 dxe4 14. Ne1 Qf6 15. d5 exd5 16. cxd5 c5 17. f4 exf3 18. Nxf3 g4 19. Nh4 Rxh4 20. gxh4 Qxh4 21. Bf1 Ne5 22. h3 gxh3 23. Bb2 Qg3+ 24. Kh1 Qf3+ 25. Bg2 Qxg2+ 26. Qxg2+ hxg2+ 27. Kxg2 Kf7 28. Rh1 Kg6 29. Rag1 Ng4 30. Kf3 h5 31. Rg2 b6 32. Rd1 Bb7 33. e4 fxe4+ 34. Kxe4 Ba6 35. Rxg4+ hxg4 36. Ke3 Re8+ 37. Kd2 Bf4+ 38. Kc2 Re2+ 39. Kb1 Bd6 40. Rh1 g3 41. Rh8 Rxb2+ 0-1

[Event "CZE-chT2d 0405"]
[Site "Czech Republic"]
[Date "2005.??.??"]
[Round "7"]
[White "Svoboda, Ivo"]
[Black "Lampir, Tomas"]
[Result "0-1"]
[WhiteElo "1991"]
[BlackElo "1999"]
[PlyCount "54"]
[EventDate "2004.10.??"]
[EventType "team"]
[EventRounds "11"]
[EventCountry "CZE"]
[SourceTitle "EXT 2007"]
[Source "ChessBase"]
[SourceDate "2006.11.23"]
[SourceVersion "1"]
[SourceVersionDate "2006.11.23"]
[SourceQuality "1"]

1. d4 e6 2. c4 f5 3. Nc3 Nf6 4. Nf3 d5 5. e3 c6 6. Qc2 Bd6 7. c5 Bc7 8. b4 a6 9. a4 Nbd7 10. Bb2 Ne4 11. Bd3 0-0 12. b5 Qe8 13. 0-0 Rf6 14. Ne2 Rh6 15. Ng3 Ndf6 16. Ne5 Nxg3 17. fxg3 Bxe5 18. dxe5 Ng4 19. h3 Nxe3 20. Qc3 Nxf1 21. Rxf1 axb5 22. axb5 Qd8 23. b6 Rg6 24. g4 Qh4 25. Qd4 h5 26. gxh5 Qxh5 27. Rf3 Qxf3 0-1

[Event "Morava-ch U13"]
[Site "Czech Republic"]
[Date "2000.??.??"]
[Round "?"]
[White "Lampir, Tomas"]
[Black "Kulovana, Eva"]
[Result "1/2-1/2"]
[WhiteElo "1675"]
[BlackElo "1735"]
[PlyCount "74"]
[EventDate "2000.??.??"]
[EventType "swiss"]
[EventRounds "9"]
[EventCountry "CZE"]
[SourceTitle "EXT 2006"]
[Source "ChessBase"]
[SourceDate "2005.11.24"]
[SourceVersion "1"]
[SourceVersionDate "2005.11.24"]
[SourceQuality "1"]

1. e4 e5 2. Nf3 Nc6 3. Bc4 Nf6 4. d3 Bc5 5. c3 d6 6. b4 Bb6 7. a4 a6 8. Bg5 0-0 9. 0-0 h6 10. Bh4 Be6 11. Nbd2 Bxc4 12. Nxc4 Ba7 13. Ne3 Bxe3 14. fxe3 Kh8 15. Nd2 g5 16. Bg3 Kg7 17. Qf3 Qe7 18. Rf2 Qe6 19. Raf1 Ng4 20. Re2 Nf6 21. h3 Nd7 22. d4 Qe7 23. h4 f6 24. Qg4 Qe8 25. hxg5 hxg5 26. Ref2 a5 27. b5 Ne7 28. Nf3 Ng6 29. Nh2 c6 30. bxc6 bxc6 31. Rf3 Rb8 32. Be1 Rb3 33. c4 Ra3 34. Bxa5 Rxa4 35. Bc7 Qe7 36. Rc1 Ra7 37. Bxd6 Qxd6 1/2-1/2

[Event "Morava-ch U13"]
[Site "Czech Republic"]
[Date "2000.??.??"]
[Round "?"]
[White "Lampir, Tomas"]
[Black "Mikulec, Jiri"]
[Result "0-1"]
[WhiteElo "1675"]
[BlackElo "1890"]
[PlyCount "66"]
[EventDate "2000.??.??"]
[EventType "swiss"]
[EventRounds "9"]
[EventCountry "CZE"]
[SourceTitle "EXT 2006"]
[Source "ChessBase"]
[SourceDate "2005.11.24"]
[SourceVersion "1"]
[SourceVersionDate "2005.11.24"]
[SourceQuality "1"]

1. e4 e6 2. d4 d5 3. exd5 exd5 4. Nf3 c5 5. dxc5 Bxc5 6. Bb5+ Nc6 7. 0-0 Nge7 8. Nc3 0-0 9. Bf4 Bg4 10. Qd3 Nb4 11. Qd1 Bxf3 12. gxf3 Qb6 13. Bg3 d4 14. a3 dxc3 15. axb4 cxb2 16. Rb1 Qxb5 17. bxc5 Rfd8 18. Qe1 Nd5 19. Qe5 Qxc5 20. Rxb2 Re8 21. Qg5 Qc6 22. Rd1 Nc3 23. Rd3 Qa6 24. Kg2 Qa1 25. Be5 Rxe5 26. Rd8+ Re8 27. Rxa8 Rxa8 28. Rxb7 Ne2 29. Qb5 Qg1+ 30. Kh3 Nf4+ 31. Kh4 h6 32. Rb8+ Rxb8 33. Qxb8+ Kh7 0-1

[Event "Morava-ch U13"]
[Site "Czech Republic"]
[Date "2000.??.??"]
[Round "?"]
[White "Lampir, Tomas"]
[Black "Vesely, Libor"]
[Result "0-1"]
[WhiteElo "1675"]
[BlackElo "1685"]
[PlyCount "42"]
[EventDate "2000.??.??"]
[EventType "swiss"]
[EventRounds "9"]
[EventCountry "CZE"]
[SourceTitle "EXT 2006"]
[Source "ChessBase"]
[SourceDate "2005.11.24"]
[SourceVersion "1"]
[SourceVersionDate "2005.11.24"]
[SourceQuality "1"]

1. e4 c5 2. Nf3 d6 3. Bb5+ Bd7 4. Bxd7+ Qxd7 5. c4 Nf6 6. Nc3 g6 7. d4 cxd4 8. Nxd4 Bg7 9. f3 Nc6 10. Be3 Rc8 11. b3 a6 12. Qd2 h5 13. Rc1 Ne5 14. 0-0 h4 15. Nd5 Qd8 16. Bg5 Nxd5 17. cxd5 Rxc1 18. Rxc1 h3 19. g3 Qb6 20. Rc8+ Kd7 21. Rxh8 Nxf3+ 0-1